00433nam a2200145Ia 4500008004100000082001400041100003500055245007800090260003900168300001900207520001000226650001900236650001500255700001700270230907s9999||||xx |||||||||||||| ||und|| aPhD-ESE-2 aAzra Nawar (NUST2015PCES9215F) 0aDevelopment of calcium based sorbent for flue gas cleaning applications / aUSPCAS-E, NUST,bIslamabad :c2020 axxviii, 138 p. bPTH-2 aPhD-ESE Thesis aPhD Thesis aDr Majid Ali